Insurance : Are you covered

Bibliographic Details
Main Author: Knox, Patricia
Format: Book
Published: London : Oyez Publishing , 1980
Subjects:

MARC

LEADER 00000cam a2200000 7i4500
001 0000000345
005 20050628.0
020 |a 0706360125 
040 |a INS 
090 0 0 |a KF1164   |b K741 1980 
100 1 |a Knox, Patricia 
245 1 0 |a Insurance :   |b Are you covered   |c Patricia Knox 
260 |a London :   |b Oyez Publishing ,   |c 1980 
300 |a 95p ;   |c 20cm. 
650 0 0 |a Insurance   |z Great Britain 
999 |a 0000000242   |b BOOK   |c Open Shelf   |e Default branch